000 00658nam a2200217Ia 4500
003 GCL
005 20240530103715.0
008 140319s9999 xx 000 0 ara d
040 _aGCL /
_cGCL
082 0 4 _a348.02
_bم ش
100 1 _aمعوض عبدالتواب
245 1 0 _aشرح قانون المحاماه /
_cمعوض عبدالتواب
260 _a[S.N] :
_bمنشاة المعارف الاسلامية ،
_c1994
300 _a271 ص
490 _aالكتب القانونية
_v0
650 0 4 _aالقانون
650 0 4 _aالمحاماة
650 0 4 _aالمحامون
650 0 4 _aقوانين وتشريعات
942 _2ddc
_cBK
999 _c41857
_d41857